LDR 00610naa#a2200181#i#450# 001 EN\\bibl\124032 005 20260607121630.7 011 ## _a2782-2435 100 ## _a20260522b2026####ek#y0engy0150####ca 101 0# _aRUS 102 ## _aRU 200 1# _aStrategizing Regional Competitiveness in Russian Arctic _eJournal article 210 1# _aKemerovo _cKemerovo State University _d2026 215 ## _a18 с. 608 ## _aJournal article _2local 675 ## _aЭкономика. Народное хозяйство. Экономические науки. 33 _zRUS 700 #1 _aDyadik _gVladimir Vladimirovich 856 4# _ajcenter.kemsu.ru _u